00713nam a22002057a 450000500170000001000150001702000260003202000230005803500130008103700130009408200190010710000230012624500760014926000460022527000640027130000260033550000670036165000310042865000480045920130429160849.0 aENG-106939 a9780198081661c795.00 a0198081669c795.00 aEN-90472 bDBAD/PUB04a344.5403162231 aDas, S. K.,d1945-10aIndia's rights revolution :bhas it worked for the poor? /cby S.K. Das aNew Delhi bOxford University Pressc2013 a YMCA Library Building, 1 Jai Singh RoadbNew Delhie110001 axvi, 330 p.c23cm(Hb) aIncludes bibliographical references (pages 313-325) and index. 0aPoorxCivil rightszIndia. 0aPublic welfarexLaw and legislationzIndia.